000 00538nab a2200145Ia 4500
003 ES-SlBCS
005 20210601124313.0
008 140529s1984 xxu||||| |||| 00| 0 eng d
041 _aeng
100 1 _aArons, Stephen
_9139447
245 0 0 _aPlaying Ball with the Rodriguez Court: Three Strikes and You're Out - Comments on Kenneth A. Strikes's Fiscal Justice and Judicial Sovereignty
_c Stephen Arons
600 1 4 _aStrikes, Kenneth A.
_9139448
773 0 _tEducational Theory
_gvol. 34, nº. 1, 1984, págs. 23-28
_wRev1399
942 _cAR
999 _c512604
_d512604